Dust and magic : secrets of successful multimedia

Saved in:
Bibliographic Details
Main Author: Hughes, Bob
Format: Book
Language:English
Published: Harlow, England ; : New York : Addison-Wesley, 2000
Subjects:
Tags: Add Tag
No Tags, Be the first to tag this record!

MARC

LEADER 00000nam a2200000 i 4500
001 1/13493
008 001129s2000 eng d
020 |a 0-201-36071-3 
035 |l 10064642 
040 |a GR-MY-UA  |b gre  |e aacr 
041 0 |a eng 
082 0 |a 006.6 
100 1 |a Hughes, Bob. 
245 1 0 |a Dust and magic :  |b secrets of successful multimedia /  |c Bob Hughes 
260 |a Harlow, England ; :   |a New York :   |b Addison-Wesley,   |c 2000 
300 |a vi, 264 p.;  |b ill.;  |c 24 cm. 
504 |a Includes bibliographical references and index 
650 0 0 |a Multimedia systems. 
852 |a INST  |b SYROS  |e 20001129  |h 006.6 HUG  |p 005500002283  |q 005500002283  |t BK  |y 0 
901 |a BIBL5-2000-3 
909 |a Ε  |b 082556 
922 |a 5ΕΛΗ  |b 200010  |c ΒΙΒΛΙΟΘΗΚΗ  |d ΜΙΧΑΛΟΠΟΥΛΟΣ 
970 |a ΠΟΥΡΝΑΡΑΣ  |b ΔΗΜΗΤΡΗΣ  |z 2000/12/08